| 000 | 00000nam##2200000za#4500 |
| 001 | 9.698751 |
| 003 | CaOODSP |
| 005 | 20210625000054 |
| 007 | cr ||||||||||| |
| 008 | 150407|2010||||xxc|||||o f|0| 0 eng|d |
| 040 | |aCaOODSP|beng |
| 043 | |an-cn--- |
| 086 | 1 |aFs23-598/2010E-PDF |
| 110 | 1 |aCanada. |bDepartment of Fisheries and Oceans. |
| 245 | 10|aArea 19 snow crab - integrated fisheries management plan 2001-2010 |h[electronic resource] |
| 260 | |aOttawa - Ontario : |bFisheries and Oceans Canada |c[2010]. |
| 300 | |a40p.|bfigs. (some coloured), maps, tables |
| 590 | |a14-02-Supp|b2014-01-08 |
| 775 | 08|tZone de pêche du crabe 19 - plan intégré de gestion de la pêche, 2001-2010 |w(CaOODSP)9.642753 |
| 856 | 40|ahttp://publications.gc.ca|qPDF|s504 KB|uhttps://publications.gc.ca/collections/collection_2013/mpo-dfo/Fs23-598-2010-eng.pdf |